| 000 | 00966nac a22002531u 4500 | ||
|---|---|---|---|
| 010 | _a 2003056146 | ||
| 020 | _a0444506837 (alk. paper) | ||
| 082 | 0 | 0 |
_a622.338 _bWAL |
| 090 |
_c5692 _d5692 |
||
| 100 | _aWalsh, Mark P. | ||
| 245 | 1 | 2 |
_aA generalized approach to primary hydrocarbon recovery / _cby Mark P. Walsh and Larry W. Lake. |
| 250 | _a1st ed. | ||
| 260 |
_aAmsterdam ; _aBoston : _bElsevier,2003 _c2003. |
||
| 300 |
_axi, 640 p. : _bill. ; _c25 cm. |
||
| 440 | 0 |
_aHandbook of petroleum exploration and production, _v4 |
|
| 500 | _aDistributer: Baccah | ||
| 504 | _aIncludes bibliographical references (p. 625-634) and index. | ||
| 511 | _aCatalogued by: Mesameh | ||
| 650 | 0 | _aHydrocarbon reservoirs. | |
| 650 | 0 |
_aPetroleum _xProspecting. |
|
| 700 | 1 | _aLake, Larry W. | |
| 942 |
_cBB _k622.338WAL |
||
| 999 |
_c5692 _d5692 |
||